000 01370nam a2200241 a 4500
008 150806s2010 ||||||||||||||||| || u
050 _aUNO(05)C/2010/4
110 _aUnited Nations Organisation (UNO)
245 1 0 _aUN Chronicle
_cby United Nations(UN)
260 _aNew York:
_bUnited Nations. Department of Public Information
_c2010-
300 _a78p.: ill.
350 _a0.00
362 1 _a<p>Vol.XLVII. No.1 Empowering women progress or not?,Vol.XLVII. No.2 Achieving global health ,Vol.XLVII.No.3 What is the UN academic impact?,Vol.XLVII. No. 4 The youth issue
650 _aGLOBAL HEALTH
650 _aWOMEN EMPOWERMENT
650 _aUNITED NATIONS
650 _aEDUCATION AND DEVELOPMENT
650 _aHUMAN DEVELOPMENT
995 _aSPECIAL COLLECTIONS
_e1937
_FCBU-MAIN LIBRARY (Kitwe)
_I0.00
_jUNO(05)C/2010/4
_M4
_UAVAILABLE
_WAug 6, 2015
_yB1937
_ZInternational Publications
995 _aSPECIAL COLLECTIONS
_e03007389
_FCBU-MAIN LIBRARY (Kitwe)
_I0.00
_jUNO(05)C/2010/2
_M2
_UAVAILABLE
_WAug 10, 2015
_y03007389
_ZInternational Publications
995 _aSPECIAL COLLECTIONS
_e03007887
_FCBU-MAIN LIBRARY (Kitwe)
_I0.00
_jUNO(05)C/2010/3
_M3
_UAVAILABLE
_WAug 10, 2015
_y03007887
_ZInternational Publications
995 _aSPECIAL COLLECTIONS
_e03006550
_FCBU-MAIN LIBRARY (Kitwe)
_I0.00
_jUNO(05)C/2010/1
_M1
_UAVAILABLE
_WAug 10, 2015
_y03006550
_ZInternational Publications
999 _c78424
_d78424